Prestressed concrete/ Robert Warner, Stephen Foster, Andrew Kilpatrick, Rebecca Gravina. (Record no. 22487)

000 -LEADER
fixed length control field 00654nam a22001937a 4500
020 ## - INTERNATIONAL STANDARD BOOK NUMBER
ISBN 9780655706397
082 ## - DEWEY DECIMAL CLASSIFICATION NUMBER
Classification number 620.137
Item number W283p 2022
100 ## - MAIN ENTRY--AUTHOR NAME
Personal name Warner, Robert, author
245 ## - TITLE STATEMENT
Title Prestressed concrete/ Robert Warner, Stephen Foster, Andrew Kilpatrick, Rebecca Gravina.
250 ## - EDITION STATEMENT
Edition statement 5th edition.
260 ## - PUBLICATION, DISTRIBUTION, ETC. (IMPRINT)
Place of publication Australia :
Name of publisher Pearson Australia,
Year of publication c2022.
300 ## - PHYSICAL DESCRIPTION
Number of Pages 1 online resources, xxii , 645 pages
Other physical details illustrations.
500 ## - GENERAL NOTE
General note Includes bibliographical references and index.
650 ## - SUBJECT ADDED ENTRY--TOPICAL TERM
Topical Term Prestressed concrete construction.
700 ## - ADDED ENTRY--PERSONAL NAME
Personal name Foster, Stephen
700 ## - ADDED ENTRY--PERSONAL NAME
Personal name Kilpatrick, Andrew
700 ## - ADDED ENTRY--PERSONAL NAME
Personal name Gravina, Rebecca
942 ## - ADDED ENTRY ELEMENTS (KOHA)
Koha item type Books
Holdings
Source of acquisition Permanent Location Date acquired Collection code Koha item type Lost status Shelving location Withdrawn status Current Location Full call number
DonationsCagayan State University - Carig Library2026-04-16E-BooksElectronic Books E-Resource Section Cagayan State University - Carig Library620.137 W283p

Cagayan State University University Library, Carig Campus
Tuguegarao City, Cagayan 3500 | www.csucarig.edu.ph

Powered by Koha